00424nam a22000977a 4500082001200000100002500012245018500037260004100222650002500263700003800288 a200 THE aMuhammad Saad Hameed aTH-SOF-1549-Impact of Perceived Organizational Support, Perceived Supervisor Support on In-Role & Extra Role Performance of Subordinates in Private Sector Organizations of Pakistan aISLAMABADbNUST COLLEGE OF EMEc2018 aMS-EM-9 , MSTHESIS  a Advisorl Dr. Faheem Qaisar Jamal